Top ten biggest cities in the United States Of America - Statistics

General Stats
  • This quiz has been taken 38 times
  • The average score is 9 of 10
Answer Stats
Population City % Correct
2.7 million Chicago
100%
8.34 million New York City
100%
2.3 million Houston
97%
3.82 million Los Angeles
97%
1.6 million Philadelphia
94%
1.3 million Dallas
91%
1.6 million Phoenix
91%
1.4 million San Diego
91%
1.5 million San Antonio
74%
1 million San Jose
68%
No matching quizzes found
Score Distribution
Percent of People with Each Score
Percentile by Number Answered
Your Score History
You have not taken this quiz